Score 0/20 Timer 05:00
1 Play Today
% Correct
Right! Justin Bieber is on the left.
94.8%
Right! Pope Francis is on the left.
94.3%
Left! Elizabeth Hurley is on the right.
94.1%
Right! Melissa McBride is on the left.
93.8%
Left! The Lollipop Guild is on the right.
93.6%
Left! Peter Falk is on the right.
93.3%
Left! Laura Prepon is on the right.
93.3%
Right! Justin Bieber is on the left.
92.4%
Left! Katy Perry is on the right.
92.1%
Left! Sean Astin is on the right.
91.9%
% Correct
Right! Joaquin Phoenix is on the left.
89.8%
Right! Christopher Knight is on the left.
89.5%
Right! Eminem is on the left.
88.1%
Right! Paul McCartney is on the left.
86.8%
Right! Jane Levy is on the left.
84.6%
Left! Morrissey is on the right.
82.7%
Left! Hayden Christensen is on the right.
81.3%
Left! Lou Reed is on the right.
79.1%
Left! Willem Dafoe is on the right.
78.2%
Right! Johnny Knoxville is on the left.
77.7%
Remove Ads.
Support Sporcle.
Get the best of Sporcle when you Go Orange. This ad-free experience offers more features, more stats, and more fun while also helping to support Sporcle. Thank you for becoming a member.

You're not logged in!

Compare scores with friends on all Sporcle quizzes.
OR
Log In

Show Comments

Extras

Top Quizzes Today


Score Distribution

Your Account Isn't Verified!

In order to create a playlist on Sporcle, you need to verify the email address you used during registration. Go to your Sporcle Settings to finish the process.

Report this User

Report this user for behavior that violates our Community Guidelines.

Details: